Zgadnij polskie miasto po autobusie part 1 - Statystyki

Ogólne statystyki
  • Ten quiz został rozwiązany 84 razy
  • Średni wynik to 12 z 18
Statystyki odpowiedzi
Obrazkowy Odpowiedź % Poprawnych
Warszawa
97%
Wrocław
84%
Poznań
76%
Gdańsk
74%
GOP
74%
Łódź
74%
Kraków
73%
Szczecin
71%
Bydgoszcz
68%
Lublin
66%
Rzeszów
61%
Białystok
60%
Kielce
60%
Toruń
60%
Opole
56%
Olsztyn
55%
Zielona Góra
44%
Gorzów Wielkopolski
24%
Nie znaleziono quizów pasujących do podanych kryteriów
Rozkład punktacji
Procent ludzi z każdym wynikiem
Percentyl według liczby udzielonych odpowiedzi
Twoja historia wyników
Nie rozwiązałeś tego quizu